Jinnah, the founder of Pakistan : (Record no. 187497)
[ view plain ]
| 000 -LEADER | |
|---|---|
| fixed length control field | 01076 a2200253 4500 |
| 003 - CONTROL NUMBER IDENTIFIER | |
| control field | Nust |
| 005 - DATE AND TIME OF LATEST TRANSACTION | |
| control field | 20230206120842.0 |
| 010 ## - LIBRARY OF CONGRESS CONTROL NUMBER | |
| LC control number | 99188034 |
| 020 ## - INTERNATIONAL STANDARD BOOK NUMBER | |
| International Standard Book Number | 0195778510 |
| 035 ## - SYSTEM CONTROL NUMBER | |
| System control number | (OCoLC)40750869 |
| 040 ## - CATALOGING SOURCE | |
| Transcribing agency | Nust |
| 082 00 - DEWEY DECIMAL CLASSIFICATION NUMBER | |
| Classification number | 954.9042,JIN |
| 245 00 - TITLE STATEMENT | |
| Title | Jinnah, the founder of Pakistan : |
| Remainder of title | in the eyes of his contemporaries and his documentary records at Lincoln's Inn / |
| Statement of responsibility, etc. | compiled and edited by Saleem Qureshi. |
| 260 ## - PUBLICATION, DISTRIBUTION, ETC. | |
| Place of publication, distribution, etc. | Karachi ; |
| -- | Oxford : |
| Name of publisher, distributor, etc. | Oxford University Press, |
| Date of publication, distribution, etc. | 1998. |
| 300 ## - PHYSICAL DESCRIPTION | |
| Extent | xii, 122 p. : |
| Other physical details | ill., facsims. ; |
| Dimensions | 23 cm. |
| 505 ## - FORMATTED CONTENTS NOTE | |
| Formatted contents note | Jinnah an Introduction (Page-1), Jinnah Contemporary Views (Page-9), Jinnah a Retrospective View (Page-41), Jinnah Speeches (Page-82), Chronology (Page-105). |
| 600 10 - SUBJECT ADDED ENTRY--PERSONAL NAME | |
| Personal name | Jinnah, Mahomed Ali, |
| Dates associated with a name | 1876-1948. |
| 650 #0 - SUBJECT ADDED ENTRY--TOPICAL TERM | |
| Topical term or geographic name entry element | Pakistan movement. |
| 651 #0 - SUBJECT ADDED ENTRY--GEOGRAPHIC NAME | |
| Geographic name | Pakistan |
| General subdivision | Politics and government. |
| 700 1# - ADDED ENTRY--PERSONAL NAME | |
| Personal name | Jinnah, Mahomed Ali, |
| Dates associated with a name | 1876-1948. |
| 9 (RLIN) | 108653 |
| 700 1# - ADDED ENTRY--PERSONAL NAME | |
| Personal name | Quershi, Saleem, |
| Dates associated with a name | 1938- |
| 9 (RLIN) | 108654 |
| 856 42 - ELECTRONIC LOCATION AND ACCESS | |
| Materials specified | Publisher description |
| Uniform Resource Identifier | <a href="http://www.loc.gov/catdir/enhancements/fy0635/99188034-d.html">http://www.loc.gov/catdir/enhancements/fy0635/99188034-d.html</a> |
| 942 ## - ADDED ENTRY ELEMENTS (KOHA) | |
| Source of classification or shelving scheme | |
| Koha item type | Book |
| Withdrawn status | Lost status | Source of classification or shelving scheme | Damaged status | Not for loan | Permanent Location | Current Location | Shelving location | Date acquired | Shelving control number | Full call number | Barcode | Date last seen | Price effective from | Koha item type | Public note |
|---|---|---|---|---|---|---|---|---|---|---|---|---|---|---|---|
| Military College of Signals (MCS) | Military College of Signals (MCS) | General Stacks | 12/12/2016 | Pakistan History | 954.9042,JIN | MCS26968 | 12/08/2016 | 12/12/2016 | Book | Almirah No.62, Shelf No.1 |
